[Event "106th British-ch 2019"]
[Site "Torquay"]
[Date "2019.07.27"]
[Round "1.27"]
[White "Claridge-Hansen, William"]
[Black "Khan, Tito"]
[Result "1-0"]
[WhiteElo "2297"]
[BlackElo "1921"]
[Annotator "NA"]
[PlyCount "67"]
[EventDate "2019.07.27"]
[EventType "swiss"]
[EventCountry "GBR"]
[SourceTitle "playchess.com"]
[Source "ChessBase"]
[SourceQuality "1"]
[TimeControl "40/5400+30:1800+30"]

1. c4 {[%emt 0:00:00]} f5 {[%emt 0:00:00]} 2. g3 {[%emt 0:00:42]} Nf6 {[%emt 0:00:00]} 3. Bg2 {[%emt 0:00:18]} g6 {[%emt 0:00:10]} 4. Nc3 {[%emt 0:00:44]} Bg7 {[%emt 0:00:05]} 5. d3 {[%emt 0:02:22]} O-O {[%emt 0:01:16]} 6. e4 {[%emt 0:00:17]} d6 {[%emt 0:00:54]} 7. Nge2 {[%emt 0:00:14]} Nc6 {[%emt 0:00:38]} 8. O-O {[%emt 0:00:27]} e5 {[%emt 0:00:18]} 9. Nd5 {[%emt 0:06:28]} Nh5 {[%emt 0:00:59]} 10. exf5 {[%emt 0:01:23]} Bxf5 {[%emt 0:00:15]} 11. h3 {[%emt 0:02:37]} Be6 {[%emt 0:00:52]} 12. g4 {[%emt 0:01:23]} Nf6 {[%emt 0:06:40]} 13. f4 {[%emt 0:06:06]} Qd7 {[%emt 0:03:25]} 14. Ng3 {[%emt 0:04:40]} exf4 {[%emt 0:11:50]} 15. Bxf4 {[%emt 0:01:11]} Nd4 {[%emt 0:07:50]} 16. Qd2 {[%emt 0:03:45]} c6 {[%emt 0:17:52]} 17. Nc3 {[%emt 0:07:39]} d5 {[%emt 0:13:40]} 18. c5 {[%emt 0:05:12]} Rae8 {[%emt 0:21:41]} 19. Bd6 {[%emt 0:14:18]} Rf7 {[%emt 0:00:58]} 20. Rae1 {[%emt 0:04:44]} Bf8 {[%emt 0:03:06]} 21. Bxf8 {[%emt 0:00:53]} Rexf8 {[%emt 0:00:23]} 22. Qe3 {[%emt 0:04:55]} Nc2 {[%emt 0:04:52]} 23. Qxe6 {[%emt 0:00:09]} Nxe1 {[%emt 0:00:14]} 24. Qxe1 {[%emt 0:02:51]} Nxg4 {[%emt 0:01:59]} 25. Rxf7 {[%emt 0:02:05]} Rxf7 {[%emt 0:00:00]} 26. hxg4 {[%emt 0:00:23]} Qxg4 {[%emt 0:00:02]} 27. Qe8+ {[%emt 0:01:17]} Rf8 {[%emt 0:00:46]} 28. Qe5 {[%emt 0:00:41]} Qb4 {[%emt 0:01:52]} 29. Nxd5 {[%emt 0:02:07]} Qxc5+ {[%emt 0:00:42]} 30. Kh2 {[%emt 0:00:43]} Qc1 {[%emt 0:00:57]} 31. Ne7+ {[%emt 0:02:05]} Kf7 {[%emt 0:00:09]} 32. Ne4 {[%emt 0:00:25]} Qh6+ {[%emt 0:00:56]} 33. Bh3 {[%emt 0:00:11]} g5 {[%emt 0:00:28]} 34. Nd6+ {[%emt 0:00:20]} 1-0

[Event "106th British-ch 2019"]
[Site "Torquay"]
[Date "2019.07.28"]
[Round "2.1"]
[White "Palliser, Richard Jd"]
[Black "Howell, David W L"]
[Result "1/2-1/2"]
[WhiteElo "2399"]
[BlackElo "2697"]
[Annotator "TA"]
[PlyCount "116"]
[EventDate "2019.07.27"]
[EventType "swiss"]
[EventCountry "GBR"]
[SourceTitle "playchess.com"]
[Source "ChessBase"]
[SourceQuality "1"]

{[%evp 12,116,0,-2,22,18,6,3,0,16,19,14,12,21,14,0,0,0,0,0,0,0,0,-35,0,0,0,-14,-6,-64,-54,-117,-117,-119,-133,-118,0,7,0,4,84,49,47,14,232,-56,154,154,144,156,161,162,144,154,289,245,258,252,221,117,151,9,6,10,155,155,156,139,164,146,234,234,234,234,260,246,542,506,1142,1083,1757,1685,4682,1218,890,654,5043,5043,4694,4650,4452,1359,468,0,0,0,0,0,0,0,0,0,0,0,0,0,0]} 1. d4 Nf6 2. c4 e6 3. Nc3 Bb4 4. f3 c5 5. d5 d6 6. e4 O-O 7. Nge2 a6 {E20: Nimzo-Indian: 4 g3 and 4 f3} (7... b5 8. Ng3 exd5 9. cxd5 a6 10. a4 Ba5 11. Be2 Nbd7 12. O-O c4 13. Kh1 Rb8 14. axb5 axb5 15. Nf5 Nc5 16. Rxa5 Qxa5 {1-0 (37) Mamedyarov,S (2772)-Li,R (2577) chess.com INT 2017}) 8. Ng3 b5 9. Bf4 exd5 10. cxd5 c4 11. a4 Ba5 12. Be2 Qb6 $1 13. Qd2 Nbd7 14. Be3 $146 ({Predecessor:} 14. Nf5 Nc5 15. Ne7+ {1-0 (51) Baldauf,M (2431)-Powierski,E (2317) Germany 2017}) 14... Nc5 $1 15. Bd4 Nfd7 16. Nf5 Ne5 $1 17. Ne7+ Kh8 {Hoping for ...Bd7.} 18. Nc6 b4 19. Nd1 f5 20. Qg5 (20. Nxe5 dxe5 21. Bxe5 fxe4 $17) ({White should play} 20. Nxa5 $11 Qxa5 21. Bxe5 dxe5 22. Bxc4) 20... Bd7 $15 21. Nxe5 (21. Bxe5 $15 dxe5 22. Nxa5 Qxa5 23. Bxc4) 21... dxe5 $17 22. Bxe5 {[%csl Ge5][%cal Rg5g7]} Rf7 $1 23. Ne3 h6 (23... b3+ $17 24. Kd1 Nd3 25. Nxc4 Nf2+ {[%mdl 64] Double Attack} 26. Kc1 Rc8) 24. Qf4 $36 {[%mdl 2048] White has the initiative.} b3+ 25. Kf1 Bd2 (25... Nxe4 $1 $11 26. fxe4 Qg6 27. Bxg7+ (27. Nxf5 $2 Bxf5 28. exf5 Rxf5 $19) 27... Rxg7) 26. Bd4 $1 $16 (26. Nxc4 $6 Bxf4 27. Nxb6 Bxe5 $11) (26. Bxc4 Nxe4 27. Re1 (27. fxe4 $2 Bxe3 28. Qf3 Raf8 $19) (27. Ke2 Re8 $17) 27... Re8 $19) 26... c3 $1 27. bxc3 {Strongly threatening Nc4.} (27. a5 Qb4 $17) 27... Qa5 $2 (27... b2 $11 {and Black has nothing to worry.} 28. Rb1 Qb3) 28. Qxh6+ ({And not} 28. exf5 Bxc3 29. Rd1 Qb4 $11) 28... Kg8 29. Nc4 $1 {[%csl LRa5,LRd2][%mdl 64] Discovered Attack} b2 30. Rb1 (30. Nxa5 $2 {loses.} bxa1=Q+ 31. Kf2 Nxe4+ $1 {[%mdl 512]} 32. fxe4 fxe4+ 33. Bf3 Qxh1 $19) 30... gxh6 31. Nxa5 Nxa4 32. e5 {e6 is the strong threat.} Bb5 (32... Re7 $16) 33. c4 {aiming for Nb3.} Bxa5 34. cxb5 axb5 35. Bxb5 (35. Kf2 $18) 35... Bc3 36. Bxa4 (36. e6 $16 Bxd4 37. exf7+ Kxf7 38. Bxa4 Rxa4 39. Ke2) 36... Bxd4 $11 37. e6 Rxa4 (37... Rc7 $11 38. Bc6 Ra3) 38. exf7+ $16 Kxf7 $11 {[%mdl 4096] Endgame KRR-KRB} 39. Ke2 Ke7 {[#]} 40. Rhd1 $1 Kd6 (40... Bc3 $16 {was worth a try.} 41. d6+ Kd7) 41. Rxd4 $18 {[%mdl 64] Remove Defender} Rxd4 42. Rxb2 {KR-KR} Rh4 43. Ke3 Rxh2 $2 (43... Ra4 44. g3 Ke5 45. f4+ Kxd5 46. Rb5+ Ke6 47. Rb6+ Kd5 48. Rxh6 Ra3+ 49. Kd2 Ra8) 44. Kf4 Kxd5 (44... Rh5 $142 45. Rb6+ Kxd5) 45. Kxf5 h5 46. Rd2+ Kc5 47. Kf4 (47. Kg5 $142 h4 48. Rd8) 47... h4 48. Ke3 h3 49. gxh3 Rxh3 50. Ke4 Rh8 51. Rd5+ (51. f4 $142 Re8+ 52. Kf5 Rf8+ 53. Kg5 Rg8+ 54. Kh6) 51... Kc6 {[#]} 52. f4 $2 (52. Rd3 $1 $18 Re8+ 53. Kf5) 52... Re8+ $11 {The position is equal.} 53. Kd4 {Black should prevent f5.} Re6 54. f5 Rd6 55. Rxd6+ Kxd6 56. f6 Ke6 57. Ke4 Kf7 58. Kd4 Kxf6 {Accuracy: White = 47%, Black = 50%.} 1/2-1/2

[Event "106th British-ch 2019"]
[Site "Torquay"]
[Date "2019.07.28"]
[Round "2.2"]
[White "Adams, Michael"]
[Black "Pigott, John C"]
[Result "1-0"]
[WhiteElo "2690"]
[BlackElo "2384"]
[Annotator "TA"]
[PlyCount "51"]
[EventDate "2019.07.27"]
[EventType "swiss"]
[EventCountry "GBR"]
[SourceTitle "playchess.com"]
[Source "ChessBase"]
[SourceQuality "1"]

{[%evp 15,51,7,24,0,27,22,105,106,153,142,155,154,146,145,192,194,217,214,210,218,222,204,193,182,234,239,258,260,357,361,370,370,413,429,421,404,415,400]} 1. e4 e6 2. d4 d5 3. Nd2 c5 4. Ngf3 cxd4 5. exd5 Qxd5 6. Bc4 Qd8 7. Nb3 Nc6 8. Nbxd4 Nxd4 9. Nxd4 {C07: French Tarrasch: 3...c5, 4 Ngf3 and 4 exd5 Qxd5} a6 10. Bf4 (10. O-O Qc7 11. Bd3 Bd6 12. h3 Ne7 13. Qh5 Qc5 14. Qxc5 Bxc5 15. Nb3 Ba7 16. Be4 f5 {1-0 (44) Mamedov,R (2703)-Sadorra,J (2568) chess.com INT 2019}) 10... Bd6 $146 (10... Bc5 $11 {remains equal.} 11. Nb3 Qxd1+ 12. Rxd1 Bb6) ({Predecessor:} 10... Nf6 11. O-O Be7 12. Re1 O-O 13. c3 Nd5 14. Be5 Bf6 15. Qe2 Bxe5 16. Qxe5 Nf6 17. Rad1 Qb6 18. Rd3 Ng4 19. Qh5 e5 20. h3 Nxf2 21. Rf3 {½-½ (31) Shahade,J (2302)-Schneider,D (2412) Seattle 2002}) 11. Nc6 $1 $16 {[%cal Rc6d8] White is better.} Qc7 {[%mdl 64] [#] Pin} 12. Qxd6 Qxd6 13. Bxd6 $40 {[%mdl 128] Black is in trouble.} bxc6 14. O-O-O Bb7 15. Rhe1 Rd8 16. Re3 Nf6 17. Rb3 Bc8 18. f3 Nd5 19. Bc5 h5 (19... f6 {was called for.} 20. Rb8 Kf7) 20. Rb8 $18 h4 21. Bxd5 cxd5 22. Bb6 Ke7 23. Bxd8+ Kxd8 24. Rd3 Kc7 25. Rdb3 Rd8 26. Ra8 {Accuracy: White = 83%, Black = 28%.} 1-0

[Event "106th British-ch 2019"]
[Site "Torquay"]
[Date "2019.07.28"]
[Round "2.3"]
[White "D'costa, Lorin Ar"]
[Black "Pert, Nicholas"]
[Result "1/2-1/2"]
[WhiteElo "2396"]
[BlackElo "2563"]
[Annotator "ChessBase"]
[PlyCount "57"]
[EventDate "2019.07.27"]
[EventType "swiss"]
[EventCountry "GBR"]
[SourceTitle "playchess.com"]
[Source "ChessBase"]
[SourceQuality "1"]
[TimeControl "40/5400+30:1800+30"]

1. d4 {[%emt 0:06:45]} d5 {[%emt 0:00:00]} 2. Nf3 {[%emt 0:00:37]} Nf6 {[%emt 0:00:00]} 3. c4 {[%emt 0:00:14]} c6 {[%emt 0:00:00]} 4. Qb3 {[%emt 0:00:19]} dxc4 {[%emt 0:00:24]} 5. Qxc4 {[%emt 0:00:09]} Bf5 {[%emt 0:00:10]} 6. g3 {[%emt 0:00:34]} e6 {[%emt 0:00:05]} 7. Bg2 {[%emt 0:00:13]} Nbd7 {[%emt 0:00:24]} 8. O-O {[%emt 0:00:23]} Be7 {[%emt 0:00:09]} 9. e3 {[%emt 0:01:04]} O-O {[%emt 0:00:18]} 10. Qe2 {[%emt 0:00:53]} Ne4 {[%emt 0:06:17]} 11. Rd1 {[%emt 0:10:03]} Qc7 {[%emt 0:02:41]} 12. Ne1 {[%emt 0:13:01]} Bg6 {[%emt 0:14:26]} 13. Nd3 {[%emt 0:05:06]} f5 {[%emt 0:11:58]} 14. Nd2 {[%emt 0:05:58]} Nef6 {[%emt 0:03:58]} 15. Nf3 {[%emt 0:11:43]} Bd6 {[%emt 0:13:29]} 16. b3 {[%emt 0:12:33]} e5 {[%emt 0:04:51]} 17. dxe5 {[%emt 0:09:03]} Nxe5 {[%emt 0:00:04]} 18. Ndxe5 {[%emt 0:04:47]} Bxe5 {[%emt 0:00:05]} 19. Nxe5 {[%emt 0:01:10]} Qxe5 {[%emt 0:00:02]} 20. Bb2 {[%emt 0:00:15]} Qe6 {[%emt 0:00:31]} 21. Bxf6 {[%emt 0:02:02]} Qxf6 {[%emt 0:01:29]} 22. b4 {[%emt 0:05:37]} a6 {[%emt 0:03:40]} 23. Rac1 {[%emt 0:01:31]} Rad8 {[%emt 0:00:23]} 24. a4 {[%emt 0:01:39]} Bf7 {[%emt 0:01:34]} 25. Qc2 {[%emt 0:03:14]} h6 {[%emt 0:06:09]} 26. Bf3 {[%emt 0:00:11]} Rd6 {[%emt 0:08:14]} 27. Rxd6 {[%emt 0:01:11]} Qxd6 {[%emt 0:00:01]} 28. Qc3 {[%emt 0:01:09]} Qe6 {[%emt 0:04:44]} 29. Qd4 {[%emt 0:00:43]} 1/2-1/2

[Event "106th British-ch 2019"]
[Site "Torquay"]
[Date "2019.07.28"]
[Round "2.4"]
[White "Lane, Gary W"]
[Black "Tan, Justin Hy"]
[Result "1/2-1/2"]
[WhiteElo "2364"]
[BlackElo "2513"]
[Annotator "ChessBase"]
[PlyCount "40"]
[EventDate "2019.07.27"]
[EventType "swiss"]
[EventCountry "GBR"]
[SourceTitle "playchess.com"]
[Source "ChessBase"]
[SourceQuality "1"]
[TimeControl "40/5400+30:1800+30"]

1. e4 {[%emt 0:00:00]} d6 {[%emt 0:04:40]} 2. d4 {[%emt 0:01:00]} Nf6 {[%emt 0:00:04]} 3. Nc3 {[%emt 0:00:05]} g6 {[%emt 0:00:03]} 4. Be3 {[%emt 0:02:45]} a6 {[%emt 0:00:05]} 5. f4 {[%emt 0:05:42]} b5 {[%emt 0:19:23]} 6. a3 {[%emt 0:07:04]} Bb7 {[%emt 0:03:39]} 7. Bd3 {[%emt 0:00:07]} Nbd7 {[%emt 0:01:15]} 8. Nf3 {[%emt 0:08:47]} e6 {[%emt 0:07:20]} 9. e5 {[%emt 0:15:52]} Nd5 {[%emt 0:00:15]} 10. Nxd5 {[%emt 0:06:09]} Bxd5 {[%emt 0:00:03]} 11. O-O {[%emt 0:00:58]} c5 {[%emt 0:04:08]} 12. c3 {[%emt 0:00:32]} Qb6 {[%emt 0:05:36]} 13. dxc5 {[%emt 0:09:16]} dxc5 {[%emt 0:00:12]} 14. Qc2 {[%emt 0:10:53]} Qb7 {[%emt 0:08:08]} 15. c4 {[%emt 0:00:47]} Bc6 {[%emt 0:02:53]} 16. Ng5 {[%emt 0:04:49]} bxc4 {[%emt 0:17:24]} 17. Bxc4 {[%emt 0:02:33]} Nb6 {[%emt 0:00:05]} 18. Ba2 {[%emt 0:05:49]} c4 {[%emt 0:06:01]} 19. Qf2 {[%emt 0:01:20]} Nd5 {[%emt 0:01:08]} 20. Ne4 {[%emt 0:01:16]} O-O-O {[%emt 0:02:28]} 1/2-1/2

[Event "106th British-ch 2019"]
[Site "Torquay"]
[Date "2019.07.28"]
[Round "2.5"]
[White "Emms, John M"]
[Black "Bates, Richard A"]
[Result "1/2-1/2"]
[WhiteElo "2481"]
[BlackElo "2352"]
[Annotator "ChessBase"]
[PlyCount "39"]
[EventDate "2019.07.27"]
[EventType "swiss"]
[EventCountry "GBR"]
[SourceTitle "playchess.com"]
[Source "ChessBase"]
[SourceQuality "1"]
[TimeControl "40/5400+30:1800+30"]

1. e4 {[%emt 0:00:00]} c5 {[%emt 0:00:00]} 2. c3 {[%emt 0:00:10]} e6 {[%emt 0:00:35]} 3. Nf3 {[%emt 0:00:59]} d5 {[%emt 0:00:39]} 4. exd5 {[%emt 0:00:48]} exd5 {[%emt 0:00:07]} 5. d4 {[%emt 0:04:13]} Nf6 {[%emt 0:00:50]} 6. Bg5 {[%emt 0:03:47]} Be7 {[%emt 0:00:51]} 7. Bb5+ {[%emt 0:18:58]} Bd7 {[%emt 0:06:02]} 8. Bxd7+ {[%emt 0:00:50]} Nbxd7 {[%emt 0:00:50]} 9. O-O {[%emt 0:01:14]} O-O {[%emt 0:01:10]} 10. Nbd2 {[%emt 0:00:05]} Re8 {[%emt 0:08:18]} 11. Re1 {[%emt 0:05:14]} Qb6 {[%emt 0:04:13]} 12. Qc2 {[%emt 0:09:20]} Bf8 {[%emt 0:06:15]} 13. dxc5 {[%emt 0:11:28]} Nxc5 {[%emt 0:06:37]} 14. Be3 {[%emt 0:03:02]} Ng4 {[%emt 0:08:16]} 15. Bd4 {[%emt 0:02:27]} Qg6 {[%emt 0:00:25]} 16. Qxg6 {[%emt 0:01:58]} hxg6 {[%emt 0:00:07]} 17. h3 {[%emt 0:13:32]} Nf6 {[%emt 0:05:29]} 18. Rxe8 {[%emt 0:07:28]} Rxe8 19. Re1 {[%emt 0:14:20]} a6 {[%emt 0:05:00]} 20. Rxe8 {[%emt 0:00:00]} 1/2-1/2

[Event "106th British-ch 2019"]
[Site "Torquay"]
[Date "2019.07.28"]
[Round "2.6"]
[White "Ashton, Adam G"]
[Black "Williams, Simon K"]
[Result "1-0"]
[WhiteElo "2323"]
[BlackElo "2468"]
[Annotator "TA"]
[PlyCount "85"]
[EventDate "2019.07.27"]
[EventType "swiss"]
[EventCountry "GBR"]
[SourceTitle "playchess.com"]
[Source "ChessBase"]
[SourceQuality "1"]

{[%evp 16,85,13,17,30,30,27,23,21,22,33,22,98,80,100,95,83,46,117,112,96,25,19,19,122,80,91,79,91,85,89,91,85,89,127,109,138,136,132,140,131,127,146,139,238,232,262,248,312,308,391,364,443,441,492,491,498,497,579,549,552,495,515,542,532,476,533,522,514,438,572,570]} 1. e4 e6 2. d4 d5 3. Nc3 Nf6 4. e5 Nfd7 5. f4 c5 6. Nf3 Nc6 7. Be3 Be7 8. Qd2 O-O 9. dxc5 Qa5 {C11: French: Classical System: 4 e5 and 4 Bg5 dxe4} 10. a3 Bxc5 11. Bxc5 Nxc5 {White has an edge.} 12. O-O-O a6 13. Qf2 $146 ({Predecessor:} 13. Qe3 Bd7 14. f5 Qb6 15. Qf4 d4 16. Nxd4 Nxd4 17. Rxd4 exf5 {½-½ (52) Leko,P (2737)-Wang,H (2752) Dortmund 2013}) 13... f6 (13... Bd7 $11) 14. exf6 $16 Rxf6 15. g3 Bd7 16. Bg2 Na4 (16... Be8 $14) 17. Nxa4 Qxa4 18. Qc5 ({Better is} 18. Rhe1 $16) 18... Rc8 $11 19. b3 Qe4 (19... Nd8 $1 $11) 20. Nh4 Qe2 21. Bf3 Qb5 22. Qxb5 axb5 23. Rhe1 b4 24. a4 Na5 {Threatening ...Nxb3+.} 25. Re3 Rff8 {[#]} 26. f5 $1 {[%mdl 512]} Rc3 (26... exf5 27. Rxd5) 27. Rxc3 bxc3 28. Rd3 Nc6 29. Rxc3 d4 (29... Rf6 $16 {is a better defense.} 30. Bg2 exf5) 30. Rc5 $18 exf5 31. Bxc6 bxc6 {[%mdl 4096] Endgame KRB-KRN} 32. Nf3 f4 {[#]} 33. gxf4 $1 Rxf4 34. Ne5 $1 {[%csl LRc6,LRd7][%mdl 64] Double Attack. White is clearly winning.} Bf5 35. a5 {[%cal Ba4a5,Ba5a6,Ba6a7][%mdl 32]} Be4 36. a6 {Nd7 is the strong threat.} Rf8 37. a7 Ra8 38. Ra5 c5 39. Nd7 h5 40. Nb6 Rf8 41. Rxc5 h4 42. h3 Kf7 43. Rh5 {Accuracy: White = 72%, Black = 24%.} 1-0

[Event "106th British-ch 2019"]
[Site "Torquay"]
[Date "2019.07.28"]
[Round "2.7"]
[White "Derakhshani, Borna"]
[Black "Arkell, Keith C"]
[Result "1/2-1/2"]
[WhiteElo "2300"]
[BlackElo "2461"]
[Annotator "TA"]
[PlyCount "242"]
[EventDate "2019.07.27"]
[EventType "swiss"]
[EventCountry "GBR"]
[SourceTitle "playchess.com"]
[Source "ChessBase"]
[SourceQuality "1"]

{[%evp 14,242,-17,-16,-13,-16,-15,-33,-9,-29,-44,-44,0,-70,-49,-154,-122,-175,-36,-41,-40,-44,-51,-26,-27,-79,0,0,0,0,0,0,0,0,0,0,0,0,26,0,0,0,0,0,68,101,141,135,142,137,131,130,93,19,24,24,20,20,38,20,38,38,38,0,0,0,65,0,0,8,7518,7504,5618,5618,29937,29938,12829,12573,11595,8330,4306,6172,29945,29948,5583,5247,4698,4847,4060,4060,2319,2121,984,1488,697,376,376,376,759,376,376,376,376,376,376,194,376,376,376,376,376,376,376,376,368,194,354,194,194,194,194,194,194,194,185,170,194,194,194,194,194,194,170,170,170,0,170,0,170,170,170,170,170,170,170,170,170,170,170,28,194,194,194,194,354,194,170,28,28,28,28,28,28,0,0,0,0,0,0,0,0,0,0,0,0,0,0,0,0,0,0,0,0,0,0,0,0,0,0,0,0,0,0,0,0,0,0,0,0,0,0,0,0,0,0,0,0,0,0,0,0,0,0,40,0,0,0,0,0,0,0,0,0,0,0,0,0,0,0,0,8]} 1. b3 c5 2. Bb2 Nc6 3. e3 Nf6 4. f4 d6 5. Nf3 g6 6. g3 Bg7 7. Bg2 O-O 8. O-O e5 {A02: Bird's Opening} (8... Bd7 9. Qe2 Qc8 10. Re1 Rb8 11. d3 b5 12. Nbd2 Re8 13. Rac1 a5 14. Qf1 a4 15. a3 b4 16. bxa4 {0-1 (34) Tu,H (2244)-Le,T (2444) Ho Chi Minh City 2016}) 9. fxe5 Ng4 10. h3 $146 ({Predecessor:} 10. Na3 d5 11. c4 d4 12. exd4 cxd4 13. Nc2 d3 14. Ncd4 Ngxe5 15. Nxe5 Nxe5 16. Bd5 {1-0 (71) Sturt,R (2301)-Tremblay,A (2206) Montreal 2014}) 10... Ngxe5 {Black is slightly better.} 11. Nxe5 dxe5 12. Nc3 e4 13. Ba3 (13. Rf4 $11) 13... Qa5 $36 {[%mdl 2048] Black has the initiative.} 14. Na4 ({Better is} 14. Bb2 $15) 14... b5 (14... Bxa1 15. Qxa1 Qxd2 16. Bxc5 $15) 15. Bxc5 (15. Bxe4 $17 Bxh3 16. Bxc6 Bxf1 17. Bxa8 Bxa1 18. Qxa1 Rxa8 19. Nc3) 15... bxa4 (15... Rd8 $19 16. d4 bxa4 17. Bxe4 Qc7) 16. Bxf8 Kxf8 17. Bxe4 Qc7 18. Qf3 Bb7 $1 19. d4 (19. Rab1 $11 {keeps the balance.}) 19... Nxd4 (19... Re8 $1 $17 {[%cal Re8e4] aiming for ...Rxe4!} 20. Bd5 Nd8 21. Bxb7 Nxb7) 20. exd4 $11 Bxe4 $1 21. Qxe4 Qxg3+ 22. Kh1 Qxh3+ 23. Kg1 Qg3+ (23... Re8 $5 24. Qf4 $8 f5 $11) 24. Kh1 Qh3+ 25. Kg1 Rd8 26. Rad1 Qg3+ 27. Kh1 Qh3+ 28. Kg1 f5 (28... Qg3+ $11 29. Kh1 Qh3+ 30. Kg1) 29. Qf3 Qxf3 30. Rxf3 Rxd4 31. Rxd4 Bxd4+ $16 {[%mdl 4096] Endgame KR-KB} 32. Kg2 axb3 33. Rxb3 ({White should play} 33. axb3 $16 Be5 34. Re3) 33... Ke7 34. Rb7+ Ke6 35. Rxh7 g5 $1 36. Kf3 g4+ 37. Kf4 Be5+ 38. Kg5 {Threatens to win with Rh6+.} Bf6+ 39. Kf4 Be5+ 40. Kg5 (40. Ke3 $14) 40... Bc3 41. Rxa7 {Kf4 is the strong threat.} g3 $2 {[%mdl 8192]} (41... Bd2+ $11 42. Kh5 Be3) 42. Ra6+ $1 $18 Ke5 43. Kh4 $1 {[%cal Rh4g3]} Kf4 44. Kh3 Be5 45. Ra3 Ke4 46. Rd3 f4 47. Kg2 Bd4 48. a4 Bb6 49. Rb3 Bc7 50. Rf3 Ba5 51. c4 Bc7 52. Ra3 Ba5 53. Rb3 Bc7 54. c5 Kd5 55. Rc3 Kd4 $2 (55... Kc6 56. Kf3 Ba5) 56. Rc1 (56. Ra3 $142 Kxc5 57. a5) 56... Ke4 57. Re1+ Kd5 58. Re7 Kc6 59. Kf3 (59. Rf7 $142) 59... Bd8 $2 (59... Ba5 60. Ra7 Bb4 61. Kxf4 Bxc5 62. Ra6+ (62. Kxg3 Bxa7 63. Kh4 Bg1 $11) 62... Kb7) 60. Re8 Ba5 61. Rc8+ Kb7 62. Rf8 Kc6 63. Rxf4 Kxc5 64. Rg4 (64. Re4 $142) 64... Bc7 $2 (64... Be1 65. Re4 Bf2 66. Re5+ Kb6) 65. Ke3 (65. Rg7 $142 Ba5 66. Rb7 (66. Kxg3 Kb4 $11)) 65... Kb6 66. Kd3 Ka5 67. Kc3 $1 Bb8 68. Kb3 Bc7 69. Rg5+ Ka6 70. Kc4 Bf4 71. Rg4 Bc7 72. Rg7 Bf4 73. Kb3 Ka5 74. Rg4 Bc7 75. Rg7 Bf4 76. Rf7 Be3 {[#]} 77. Rf5+ $1 Ka6 78. Rf6+ Ka5 {intending ...g2.} 79. Rg6 Bf4 80. Kc4 Bc7 {[#]} 81. Rg5+ ({Only move:} 81. Rg7 $1 $18 {[%cal Rg7c7]} Bb8 82. Kb3) 81... Ka6 $2 (81... Kxa4 $11 82. Rg7 g2) 82. Kc5 {Strongly threatening Kc6.} Bf4 83. Rg4 Be5 $2 (83... Be3+ 84. Kc4 Bf2) 84. Kd5 (84. Kc6 $142) 84... Bb8 85. Kc6 (85. Rg8 $18 Bf4 86. Ke4) 85... Ka5 $11 86. Rg8 Ba7 87. Rxg3 (87. Kd5 {keeps more tension.} Kb4 88. Rg4+ Ka5 89. Rg6 Kb4 90. Rg8) 87... Kxa4 88. Kd5 (88. Rg7 {with more complications.} Be3 89. Rb7 Ka5 90. Kd5 Bg1 91. Ke6) 88... Kb4 89. Rg4+ Kc3 90. Ra4 Bb6 91. Ra3+ Kb4 92. Ra1 Kc3 93. Rc1+ Kd3 94. Rb1 Bc7 95. Rb3+ Ke2 96. Rc3 Bb8 97. Ke4 Kf2 98. Rc8 (98. Rc1 {feels hotter.} Bd6 99. Rc2+ Kf1 100. Kd5 Be7 101. Rc3) 98... Bd6 99. Rc2+ Kg3 100. Rc6 (100. Rc1 {seems wilder.} Bb4 101. Rg1+ Kh2 102. Rg5 Kh3 103. Rb5) 100... Bb8 (100... Bf8 {looks sharper.} 101. Rg6+ Kh2 102. Kd5 Kh3 103. Ke4 Kh2) 101. Rf6 Kg2 102. Rf7 Bh2 103. Rg7+ Kf2 104. Rf7+ Kg2 105. Ke3 Bg1+ 106. Ke2 Bc5 107. Rg7+ Kh1 108. Kf3 Bd6 109. Rg2 Bc7 110. Rc2 Bb6 111. Kg3 Bg1 112. Rb2 Bc5 113. Rb1+ Bg1 114. Kf3 {The position is equal.} Kh2 115. Rb2+ Kh1 $1 116. Rg2 Bc5 117. Rg5 Bd6 118. Kf2 Bh2 119. Kf1 Bd6 120. Rd5 Bc7 121. Rd1 Kh2 {Accuracy: White = 54%, Black = 49%.} 1/2-1/2

[Event "106th British-ch 2019"]
[Site "Torquay"]
[Date "2019.07.28"]
[Round "2.8"]
[White "Haria, Ravi"]
[Black "Claridge-Hansen, William"]
[Result "1-0"]
[WhiteElo "2430"]
[BlackElo "2297"]
[Annotator "TA"]
[PlyCount "67"]
[EventDate "2019.07.27"]
[EventType "swiss"]
[EventCountry "GBR"]
[SourceTitle "playchess.com"]
[Source "ChessBase"]
[SourceQuality "1"]

{[%evp 10,73,64,50,41,46,37,27,29,16,20,14,12,-54,-51,-52,-51,-66,-65,-52,26,33,50,50,50,50,54,53,125,117,121,124,126,125,198,204,206,81,250,76,93,69,100,24,43,0,110,155,142,118,335,328,481,478,2880,2684,5306,2124,1662,1267,29982,29983,29992,29993,29994,29995]} 1. e4 d5 2. exd5 Qxd5 3. Nc3 Qd6 4. d4 Nf6 5. Nf3 c6 6. Ne5 Nbd7 {B01: Scandinavian Defence} 7. Nc4 Qc7 8. Qf3 Nb6 {White has an edge.} 9. Ne5 Be6 10. Bf4 {Threatens to win with Nxf7!} Qc8 11. Rg1 $146 ({Better is} 11. h3 $11) ({Predecessor:} 11. Be2 g6 12. O-O Bg7 13. h3 O-O 14. Rad1 {0-1 (82) Xu,Y (2522)-Andreikin,D (2702) China 2018}) 11... g6 $15 12. g4 Bg7 13. O-O-O O-O 14. h4 Nbd7 (14... Rd8 $15 15. h5 Nfd5) 15. Be2 Nd5 16. Nxd5 Bxd5 17. Qe3 Nxe5 18. Bxe5 Qe6 (18... f6 $14 19. Bg3 Qe6) 19. f4 $1 $16 {[%cal Rf4f5] Hoping for f5!} f6 {[#]} 20. f5 $1 {[%cal Rf5e6][%mdl 512]} Qf7 (20... gxf5 21. gxf5) 21. Bf4 e5 (21... Rfe8 $16) 22. dxe5 $18 fxe5 23. Bh2 ({Not} 23. Bxe5 $2 Rfe8 $19) (23. Bg5 $1 $18) 23... Kh8 $2 (23... Rad8 $16 {keeps fighting.}) 24. Rdf1 $2 (24. h5 $18 {and the rest is easy.}) 24... Qe7 $16 25. fxg6 {Black must now prevent h5.} hxg6 26. g5 (26. h5 $16) 26... e4 27. Kb1 Qb4 {[#]} (27... Rxf1+ $11 28. Rxf1 Qb4) 28. Rf6 $1 {[%mdl 512]} Qb6 (28... Rxf6 29. gxf6) 29. Qf4 Qd4 $2 (29... Kg8 $16) 30. Rf1 $1 $18 Bg8 {[#]} (30... Kg8 $142 31. Bg1 Qb4) 31. h5 $1 {[%mdl 512]} Qd5 (31... gxh5 $142 32. Qh4 Bh7 33. Qxh5 Bxf6 34. Rxf6 (34. gxf6 Qd5 $18) 34... Rxf6 35. gxf6 Rg8) 32. c4 Qd7 {[#]} 33. hxg6 (33. Qh4 $142 $1 {[%mdl 512]} gxh5 {[#]} 34. Be5 $1 {[%mdl 512]}) 33... Qh3 34. Qxe4 {Played: Qf4-c1} 1-0